000 00489nam a2200181Ia 4500
001 20869
005 20260306172837.0
008 260306t2016||||xx |||||||||||||| ||spa||
041 _aESP
082 _a343.8
_bLL728
100 _aLlanto Armijo, Freddy
_eAUT
245 0 _aNIC 12 impuesto a la renta:
_bteoría explicada en la práctica (enfoque latinoamericano)
260 _c2016
300 _a222 páginas :
_c21 cm.
650 _aGEN
654 _aCCO
942 _cLIB
_dJUS
_fJUS
_2ddc
_n
999 _c20869
_d20869